000 00830cam a2200229 a 4500
001 000012821
005 20200929163100.0
008 880304s1964 ve b 000 0 spa
035 _a(DLC) 67035913
035 _a(OCoLC)19438693
040 _aDO-SdBNP
_cMnU-L
_dFU-L
_dLNT-L
_dBNPHU
082 _a347.07787
_bK96e
100 1 _aKummerow, Gert.
_929631
245 1 0 _aEsquema del daño contractual resarcible según el sistema normativo Venezolano /
_cGert Kummerow.
260 _aCaracas :
_bUniversidad Central de Venezuela, Facultad de Derecho,
_c1964.
300 _a108 p. ;
_c24 cm.
490 1 _aPublicaciones de la Facultad de Derecho
_v30
650 4 _aDaños y perjuicios
_zVenezuela
_929652
830 0 _aPublicaciones de la Facultad de Derecho ;
_v30
_929653
910 _aCatalogación por copia / LC
049 _aBNGR
999 _c12471
_d12471